=LDR 00000nam 2200000 4500 =001 INLIS000000000057314 =005 20201228095120 =035 ##$$a 0010-1220000215 =007 ta =008 201228################g##########0#ind## =020 ##$$a 979-639-002-8 =082 ##$$a 332.178 =084 ##$$a 332.178 AND s =100 1#$$a Anders, George =245 1#$$a Saudagar saudagar utang : $b KKR dan penghipotikan bisnis Ameika /$c George Anders =250 ##$$a cet.1 =260 ##$$a Jakarta :$b Aksara grafika,$c 1994 =300 ##$$a xxv, 405 hlm ; $c 24 x 15 cm =520 ##$$a Indeks: =600 #4$$a Utang piutang Amerika Serikat =990 ##$$a 1199701582